01034naa a22001937i 4500003000900000005001700009008004100026035001700067040003700084041000800121100014700129245009600276650003100372655003000403711007000433773030900503942001300812999001500825KOSZ 00520171214134702.0160308s2009 a|||f| ||||1|| 0 eng d aPBN-R:251779 cKOSZ 005/mdaPBN-IDdKOSZ 005/HR0 aeng1 aSZYMAŃSKI, Kazimierz.d1996 - .bPolitechnika Koszalińska - Wydział Budownictwa i Inżynierii Środowiska,cKatedra Gospodarki Odpadami10aZwiązki chromu w osadach ściekowych z przemysłu garbarskiego /cKazimierz Szymański. 0aInżynieria środowiska. 0aMateriały konferencyjne.22aKongres Inżynierii Środowiskan(3 ;d2009 ;cLublin, Polska).0 iW:tPolska inżynieria środowiska pięć lat po wstąpieniu do Unii Europejskiej. T. 3 / pod red. Marzenny R. Dudzińskiej, Lucjana Pawłowskiego. -dLublin : Komitet Inżynierii Środowiska PAN, 2009. -kMonografie - Polska Akademia Nauk. Komitetu Inzynierii Środowiska ; nr 60z9788389293831 cROZ2UKD c7865d7865